| 000 | 01480nam a22002897a 4500 | ||
|---|---|---|---|
| 001 | 5325 | ||
| 003 | FISKH | ||
| 005 | 20241126105522.0 | ||
| 008 | 241126b cb ||||| |||| 00| 0 eng d | ||
| 020 | _a9781453064528 | ||
| 040 |
_aFISKH _beng _cFISKH _dFISKH |
||
| 050 | _aPR4567 | ||
| 082 | _a823.8 | ||
| 100 | _aDickens, Charles | ||
| 245 |
_aOliver Twist / _cby Charles Dickens : Fully illustrated and adapted |
||
| 260 |
_aNew York : _bDalmatian Press ; _c2013. |
||
| 300 |
_a182 pages : _billustrations ; _c22 cm . |
||
| 505 | _aZ | ||
| 520 | _aOliver Twist is born an orphan and grows up handed from bad position to worse. Eventually he ends up in the London street gang run by Fagin, who attempts to blacken the boy's pure soul in his service. Through chance and coincidence Oliver is restored to his mother's middle-class family, where he is shown love and comfort for the first time in his life. The villains' attempts to kidnap him back are foiled and all are transported or hanged. Full of sharp irony and wit, Oliver Twist was Dickens' first social novel. He did not indulge in the romanticism of villains, popular at the time, but attempted to display areas and practices in London which were all but visible to his readership. . | ||
| 521 | 8 |
_a1000
_bLexile |
|
| 521 | 8 |
_aZ
_bRaz-Plus |
|
| 650 |
_aorphan _vFiction |
||
| 650 |
_anovel _vFiction |
||
| 700 |
_aHargreaves, Martin _eillustrator |
||
| 942 |
_2ddc _cBK _n0 |
||
| 999 |
_c5325 _d5325 |
||